A New Look Into Social Science (Record no. 50192)
[ view plain ]
| 000 -LEADER | |
|---|---|
| fixed length control field | 00393nam a2200145Ia 4500 |
| 008 - FIXED-LENGTH DATA ELEMENTS--GENERAL INFORMATION | |
| fixed length control field | 220530s9999 xx 000 0 und d |
| 041 ## - LANGUAGE CODE | |
| Language code of text/sound track or separate title | eng |
| 082 ## - DEWEY DECIMAL CLASSIFICATION NUMBER | |
| Classification number | 301 |
| Item number | SHA |
| 100 ## - MAIN ENTRY--PERSONAL NAME | |
| Personal name | Shabbir Sheikh |
| 9 (RLIN) | 55001 |
| 245 ## - TITLE STATEMENT | |
| Title | A New Look Into Social Science |
| 260 ## - PUBLICATION, DISTRIBUTION, ETC. (IMPRINT) | |
| Place of publication, distribution, etc. | New Delhi |
| Name of publisher, distributor, etc. | S Chand Publisher |
| Date of publication, distribution, etc. | 2011 |
| 300 ## - PHYSICAL DESCRIPTION | |
| Extent | 179 |
| Other physical details | PB |
| 700 ## - ADDED ENTRY--PERSONAL NAME | |
| Personal name | Dwadashiwar Jaya Sheikh A.M |
| 9 (RLIN) | 55002 |
| 906 ## - LOCAL DATA ELEMENT F, LDF (RLIN) | |
| a | 25 |
| b | ALIED |
| Withdrawn status | Lost status | Damaged status | Not for loan | Home library | Current library | Date acquired | Vendor | Cost, normal purchase price | Total Checkouts | Full call number | Barcode | Date last seen | Cost, replacement price | Bill Date | Koha item type | Original Barcode |
|---|---|---|---|---|---|---|---|---|---|---|---|---|---|---|---|---|
| Cummins College of Engineering for Women Nagpur | Cummins College of Engineering for Women Nagpur | 06/08/2011 | S. Chand and Co | 100.00 | 301/SHA | CEWN-BB-10 | 30/05/2022 | 75.00 | 30/05/2022 | Book Bank | B00010 |